00489nam a2200145Ia 4500008004100000020001800041041000800059082001500067100001900082245014100101250000600242260006200248300001300310650002000323210716s2011 xx 000 0 und d a9789350234327 aeng a005.3 TATB aTate, Bruce A. aSeven languages in seven weeks: a pragmatic guide to learning programming languages.bPragmatic guide to learning programming languages. a1 aMumbaibShroff Publishers and Distributors Pvt Ltdc2011 axvii,317 aPrograms(005.3)